=LDR 00000nam 2200000 4500 =001 INLIS000000000035847 =005 20130612141656 =008 ***********************************Ind** =035 ##$$0010-061300000035847 =041 ##$$a Ind =082 ##$$a 346.056 =090 ##$$a 346.056, Beb =100 ##$$a Dr. Sri Sudewi =245 ##$$a Beberapa Masalah Pelaksanaan Lembaga Jaminan Khususnya Fiducia di Dalam Praktek dan Pelaksanaannya di Indonesia =260 ##$$a 1997 $b Yogyakarta =300 ##$$a 268 hlm =850 ##$$a NBPNMAT